| 000 | 00554nam a22001577a 4500 | ||
|---|---|---|---|
| 082 | _a621.3 | ||
| 100 | _aKamal, Syed Ahsan Raza ; Moaaz, Muhammad | ||
| 245 |
_aBraille Tab / _cSyed Ahsan Raza Kamal ; Muhammad Moaaz |
||
| 260 |
_aIslamabad : _bSEECS - NUST, _c2018. |
||
| 300 |
_a30 p. ; _c30cm. |
||
| 650 |
_aElectrical(Electronics) Engineering-Project Report _992927 |
||
| 700 |
_aDr. Ahmed Salman _930764 |
||
| 856 | _uhttp://10.250.8.41:8080/xmlui/handle/123456789/24511 | ||
| 942 |
_2ddc _cPR |
||
| 999 |
_c536200 _d536200 |
||